SJHL Teams - Statistics

General Stats
  • This quiz has been taken 25 times
  • The average score is 11 of 12
Answer Stats
Divison Team Name % Correct
Viterra Estevan Bruins
100%
Nutrien Humboldt Broncos
100%
Sherwood Flin Flon Bombers
94%
Nutrien Kindersley Klippers
94%
Sherwood Nipawin Hawks
94%
Viterra Weyburn Red Wings
94%
Viterra Yorkton Terriers
94%
Nutrien Battlefords North Stars
88%
Sherwood La Ronge Ice Wolves
88%
Sherwood Melfort Mustangs
88%
Viterra Melville Millionaires
82%
Nutrien Notre Dame Hounds
82%
No matching quizzes found
Score Distribution
Percent of People with Each Score
Percentile by Number Answered
Your Score History
You have not taken this quiz